| 000 | 02887nam0a2200373 4500 | ||
|---|---|---|---|
| 001 | RU\NLR\BIBL_A\022651553 | ||
| 005 | 20251223115501.0 | ||
| 010 |
_a978-5-16-021235-7 _9500 |
||
| 021 |
_aRU _bКН-П-25-052921 _9КН-П-25-5103 |
||
| 035 | _a(NLR Aleph) 022651553 | ||
| 090 |
_a13510084 _c13510084 |
||
| 100 | _a20251022d2025 k y0rusy50 ca | ||
| 101 | 0 |
_arus _deng |
|
| 102 | _aRU | ||
| 105 | _aa z 100yy | ||
| 181 | 0 |
_ai3 _baxxe |
|
| 182 | 0 | _an | |
| 200 | 1 |
_aТеория и практика социальной работы в современном социуме _eматериалы всероссийской научно-практической конференции с международным участием, посвященной Году защитника Отечества (г. Липецк, 17 апреля 2025 года) _eсборник научных трудов _fМинистерство просвещения Российской Федерации, Федеральное государственное бюджетное образовательное учреждение высшего образования "Липецкий государственный педагогический университет имени П. П. Семенова-Тян-Шанского" _gредколлегия: ... Никифорова Т. Ю., кандидат педагогических наук, доцент (ответственный редактор) |
|
| 203 |
_aТекст _bвизуальный _cнепосредственный |
||
| 210 |
_aЛипецк _cЛГПУ имени П. П. Семенова-Тян-Шанского _d2025 |
||
| 215 |
_a231 с. _cил., табл. _d21 |
||
| 300 | _aРез. англ. | ||
| 320 | _aБиблиогр. в конце ст. | ||
| 606 | 1 |
_aСоциальная работа _jСъезды, совещания и т.п _2nlr_sh1 _2nlr_sh2 _3RU\NLR\AUTH\661223020 |
|
| 686 | 1 | _aC550.473я431 | |
| 686 | 1 | _aC550.9я431 | |
| 702 | 1 |
_aНикифорова _bТ. Ю. _cканд. пед. наук, социальная педагогика _gТатьяна Юрьевна _3RU\NLR\AUTH\770247372 _4340 |
|
| 711 | 1 | 2 |
_a"Теория и практика социальной работы в современном социуме", всероссийская научно-практическая конференция с международным участием _f2025 _eЛипецк _3RU\NLR\AUTH\880634275 |
| 712 | 0 | 2 |
_aЛипецкий государственный педагогический университет им. П. П. Семенова-Тян-Шанского _3RU\NLR\AUTH\8810044317 _4475 |
| 942 | _cBOOK | ||
| 980 | _aNB | ||